000
00329nam a2200121Ia 4500
008
150509s9999 xx 000 0 und d
082
_a
658.15 HUN
100
_a
Hunt, PearsonWilliams C.M.Donaldson G.
245
_a
Basic business finance
260
_c
1961
300
_a
xiv, 946p.: ill. ;23cm.
650
_a
Financial administration
999
_c
1584
_d
1584